| 000 | 01148nam a2200313 c 4500 | ||
|---|---|---|---|
| 999 |
_c28934 _d28934 |
||
| 003 | BLK | ||
| 005 | 20220228115609.0 | ||
| 008 | 180407b bul|||||r ||||||| ||bul|| | ||
| 010 | _aKNG00031537000 | ||
| 020 | _a954-9631-03-6 | ||
| 040 | _aBLK | ||
| 041 |
_aBUL _cBUL |
||
| 072 | 7 |
_2bullib _aРА _xРусенски автори |
|
| 080 |
_aБългарска литература _b821.163.2 _x-1 _z821.163.2-1 |
||
| 100 | 1 |
_aЯнева-Медникарова, Дора Стоянова _eпърви автор _9365173 |
|
| 139 |
_aЯнева-Медникарова, Дора Стоянова _bЯ 54 |
||
| 245 | 1 | 0 |
_aЗавръщане _bСтихотворения _cДора Стоянова Янева-Медникарова. |
| 257 | _aBGR | ||
| 260 |
_bЗахарина Йоргова _c2000 _fРусе : Хараламбиев |
||
| 300 |
_a32 с. _c20 см |
||
| 380 | _aX | ||
| 500 | _a1. изд. 1997 | ||
| 659 | _aК | ||
| 852 | _aЦб 204370 | ||
| 852 | _aК 821.163.2/Я 54 Д | ||
| 856 | 4 | _qpdf | |
| 856 | 4 | _qpdf | |
| 942 |
_cKNG _n0 _s1 |
||
| 944 |
_aCR _c13.02.2003 _kГеновева_Генчева |
||
| 944 |
_aED _c05.06.2006 |
||
| 999 | _d28934 | ||